000 01168nam a2200313 a 4500
001 000109123
003 CHAP
005 20220329144038.0
008 140404s2013 mx sm |||||||spa d
010 _a105585
011 _a106557
040 _cCHAP
090 _aTesis
100 1 _aCruzado Vargas, Ana Laura
_9126251
245 1 0 _aEstudio cariotípico de Pseudotsuga sp., en una localidad del centro de México
_h[En línea]
_cpor Ana Laura Cruzado Vargas y Lizbeth Perea Badillo.
260 _aChapingo, Méx. :
_bEl autor,
_c2013.
500 _aPara ver el contenido del material haga clic en la liga
502 _aTesis (Ing. Agr. Esp. en Restauración Forestal) -- UACH. División de Ciencias Forestales
590 _aBATCH-UPD
_b05
_c20141002
_lUCH01
_h0859
590 _aE5765TAJ
_b05
_c20140404
_lUCH01
_h0928
590 _aE5765TAJ
_b05
_c20140404
_lUCH01
_h0929
650 1 4 _aPseudotsuga
_xFisiología y morfología.
_9126258
650 1 4 _aPseudotsuga
_xGenética.
_9126257
700 1 _aPerea Badillo, Lizbeth
_9126252
856 _aFinding aid
_uhttp://10.13.5.2/tesis/sist109123.pdf
_zTeclea aquí
901 _aBK
942 _cTESIS
942 _n0
999 _c105585
_d105585